Curso de direito empresarial

Detalles Bibliográficos
Autor principal: Sarhan Jn︢ior, Suhel
Formato: eBook
Lenguaje:portugués
Publicado: Rio de Janeiro: Editora Processo, 2017
Materias:
Acceso en línea:Acceso restringido

MARC

LEADER 00000nam a22000007a 4500
005 20220719223950.0
007 cr|||| ||||
008 220719s2017 br |||||s|||| 00||0 por d
020 |a 978-857147-957-9 
035 |a 36739 
040 |a vLex 
090 |c 13591  |d 13591 
100 1 |a Sarhan Jn︢ior, Suhel 
245 1 0 |a Curso de direito empresarial  |h [Recurso electrn̤ico] /  |c Suhel Sarhan Jn︢ior 
256 |a Servicio en ln̕ea 
260 |a Rio de Janeiro:  |b Editora Processo,  |c 2017 
300 |a 1 recurso electrn̤ico 
500 |a Na obra ̌abordado todo o conted︢o programt̀ico (Teoria Geral, EIRELI, Microempresa e Empresa de Pequeno Porte, Direito Societr̀io, Propriedade Industrial, Tt̕ulos de Crďito, Faln̊cia e Recuperaȯ̂ de Empresas e Contratos Mercantis e Civis), o que faz dela completa para alunos de graduaȯ̂, ps̤-graduaȯ̂, concursos pb︢licos e Exame de Ordem. 
506 1 |a Disponible solo en los productos indicados  |d vLex Global  |d vLex Global (Academic Edition, excluding Law Schools)  |d vLex Global (U.S. Academic Edition, Law Schools)  |d vLex Global (U.S. Academic Edition, excluding Law Schools)  |d vLex Global (Academic Edition, Law Schools) 
650 0 4 |a Derecho Mercantil y de la Empresa  |z Brasil 
740 0 |a vLex Libros (Servicio en ln̕ea) 
856 4 0 |u https://app.vlex.com/#/sources/36739  |z Acceso restringido 
942 |c BOOK 
999 0 |a Commercial and Company Law